Statistics for The Lord of the Rings and The Hobbit- Tolkien's Middle-Earth (Hard)

Click here to take the quiz!

General Stats

  • This quiz has been taken 1,912 times
    (1,740 since last reset)
  • The average score is 16 of 54

Answer Stats

Question numberHintAnswer% Correct
5home of the prancing poneyBree
91%
2Witch realm of the northAngmar
80%
1'Great river'Anduin
75%
3sauron's fortress in mordorBarad-dur
75%
20'The lonely moutain'Erebor
71%
26Ancient forest, home of treebeardFangorn
65%
36A hobbit village in the shire where bilbo and frodo liveHobbiton-accross-the-water
63%
33A defended refuge for the people of rohanHelms deep
62%
43Realm of elven-folk and lady galadrielLorien
62%
16Former fortress of suron in south mirkwoodDol guldur
57%
18City of rohanEdoras
57%
50Black land of terror home of sauronMordor
53%
45Once minas Ithil (tower of the rising moon)Minas morgul
50%
31Southern realm of menGondor
49%
46Formerly minas anor, principal city of gondorMinas tirith
49%
47Home to dolgur and wood elf kings fortress, old forestMirkwood
46%
4Where does Tom bombadil rescue the four hobbitsBarrow downs
39%
38Great ring of rocks surrounding saruman's citadelIsengard
39%
32The harbour the ringbearers leave to the undying landsGrey havens
37%
37Once home of Dain (cousin of thorin)Iron hills
37%
7Where frodo lived as a young hobbitBuckland
33%
24Lake town built on the long lakeEsgaroth
32%
40frodo and sam meete faramir hereIthilien
28%
6The river 'Loudwater'Bruinen
27%
9A rock on the great river near Beorn's houseCarrock
27%
12The battle plain of the last allience of men and elvesDagorlad
27%
15Coastal citadel from where prince Imrahil rode to the aid of gondorDolamroth
27%
19Rocky region surrounding Nen Hithoel, frodo and sam pass though here to the dead marchesEmyn muil
27%
42Realm of south-east mordor, inhabited by variagsKhand
18%
49The black gateMorannon
17%
10River flowing through lorienCelebrant
16%
25Waterfall at southern end of the lake Nen Hitboel near to where the fellowship splitFalls of rauros
13%
53Stream flowing from misty moutains to join river celebrantNimrodel
13%
35Site of the last battle fought in the war of the ringBywater
12%
21The hill where Aragorn gathered with the army of the dead, befor fighting the enamy fleetErech
12%
8An island shaped like the high prow of a shipCair andros
11%
27Southern realm with near harad, populated by the harafrimFar harad
10%
30Site of battles between rohirrim and forces of sarumanFords of Isen
10%
54Inland lake into the 'sad dark waters' of which emptied most of the rivers of mordorNurnen
9%
44A boggy tract of land through which strider lead the hobbits to weathertopMidgewater
8%
34The way over the misty mountains, east of rivendellThe high pass
8%
14Where the fellowship came out to from the mines of moriaDimrill-dale
7%
11Wodded valley beneth Bree-hill, strider takes the hobbits this way to avoid the black ridersChetwood
6%
13the burial site of the lat allience of man and elvesDead marshes
6%
22Home of the WosesDruadan forest
6%
23The white horn moutains running westward from minas tirithEred nimrais
6%
17The great road running from bree to the to the ford of bruinenEast-west road
4%
29Where following bilbo and the dwarves' escapade with the trols the traverlers crossed the river bruninFord of bruinen
4%
41faramir takes frodo and sam to this refuge 'window of the sunset'Hennethannun
4%
39Fortified pass in mordor where frodo and sam manage to escape from orc army taking them to undunIsenmouthe
2%
51Entrance to moria, inscribed with the words ,speack friend and enter'Moria gate
2%
28Site of ancient battle between the men of the west and easterlingsField of celebrant
1%
48Home of mines of moria and the gobli caves in which thorins company was capturedMisty mountains
1%
52Mountainous region in MirkwoodMountains of mirkwood
0%

Score Distribution

Percentile by Number Answered

Percent of People with Each Score

Your Score History

You have not taken this quiz since the last reset